| 000 | 00586cam a2200181 a 4500 | ||
|---|---|---|---|
| 001 | 14853148 | ||
| 005 | 20250124135056.0 | ||
| 008 | 070517s2007 gh b 000 0 eng | ||
| 020 | _a9988626703 | ||
| 050 | 0 | 0 |
_aHN832.Z9 _bS624 2007 |
| 245 | 0 | 0 |
_aEthnicity, conflicts, and consensus in Ghana / _cedited by Steve Tonah. |
| 260 |
_aAccra : _bWoeli Pub. Services, _c2007. |
||
| 300 |
_axi, 260 p. ; _c23 cm. |
||
| 650 | 0 |
_aEthnic conflict _zGhana. |
|
| 700 | 1 | _aTonah, Steve. | |
| 856 | 4 | 1 |
_3Table of contents only _uhttp://www.loc.gov/catdir/toc/fy0712/2007380593.html |
| 942 |
_2lcc _cBK _n0 |
||
| 999 |
_c3034 _d3034 |
||